Q&A torts / (Record no. 22080)
[ view plain ]
| 000 -LEADER | |
|---|---|
| fixed length control field | 01240 am a22002895a 4500 |
| 001 - CONTROL NUMBER | |
| control field | 016885426 |
| 003 - CONTROL NUMBER IDENTIFIER | |
| control field | OSt |
| 005 - DATE AND TIME OF LATEST TRANSACTION | |
| control field | 20160731145856.0 |
| 008 - FIXED-LENGTH DATA ELEMENTS--GENERAL INFORMATION | |
| fixed length control field | 140630s2015 enka fr 001 0 eng d |
| 020 ## - INTERNATIONAL STANDARD BOOK NUMBER | |
| International Standard Book Number | 9781138780217 |
| 040 ## - CATALOGING SOURCE | |
| Original cataloging agency | StDuBDS |
| Language of cataloging | eng |
| Transcribing agency | StDuBDS |
| Modifying agency | Uk |
| -- | EG-ScBUE |
| 043 ## - GEOGRAPHIC AREA CODE | |
| Geographic area code | e-uk-en |
| 082 04 - DEWEY DECIMAL CLASSIFICATION NUMBER | |
| Classification number | 346.4203 |
| Edition number | 22 |
| Item number | KOT |
| 100 1# - MAIN ENTRY--PERSONAL NAME | |
| Personal name | Kotecha, Birju, |
| 9 (RLIN) | 40555 |
| 245 10 - TITLE STATEMENT | |
| Title | Q&A torts / |
| Statement of responsibility, etc | Birju Kotecha. |
| 246 3# - VARYING FORM OF TITLE | |
| Title proper/short title | Questions and answers torts |
| 250 ## - EDITION STATEMENT | |
| Edition statement | 11th ed. |
| 260 ## - PUBLICATION, DISTRIBUTION, ETC. (IMPRINT) | |
| Place of publication, distribution, etc | Oxon ; |
| -- | New York : |
| Name of publisher, distributor, etc | Routledge Taylor & Francis Group, |
| Date of publication, distribution, etc | 2015. |
| 300 ## - PHYSICAL DESCRIPTION | |
| Extent | xx, 191 p. : |
| Other physical details | ill. ; |
| Dimensions | 24 cm. |
| 490 0# - Series Statement | |
| Series statement | Routledge Q&A series. |
| 500 ## - GENERAL NOTE | |
| General note | Index : p. 189-191. |
| 505 0# - FORMATTED CONTENTS NOTE | |
| Formatted contents note | Negligence - duty of care generally and economic loss -- Negligence - limitations on duty -- Negligence - breach, causation and remoteness of damage -- General defences -- Employers' liability -- Vicarious liability -- Occupiers' liability -- Product liability -- Nuisance -- The rule in Rylands v Fletcher and Fire -- Trespass to the person, to land and to goods -- Defamation, privacy and human rights -- Remedies. |
| 650 #0 - SUBJECT ADDED ENTRY--TOPICAL TERM | |
| Topical term or geographic name as entry element | Torts |
| Geographic subdivision | England |
| General subdivision | Examinations, questions, etc. |
| Source of heading or term | BUEsh |
| 651 ## - SUBJECT ADDED ENTRY--GEOGRAPHIC NAME | |
| Source of heading or term | BUEsh |
| 653 ## - INDEX TERM--UNCONTROLLED | |
| Resource For college | Law |
| Arrived date list | July2016 |
| 942 ## - ADDED ENTRY ELEMENTS (KOHA) | |
| Source of classification or shelving scheme | Dewey Decimal Classification |
| Withdrawn status | Item status | Source of classification or shelving scheme | Damaged status | Not for loan | Vendor | Home library | Current library | Shelving location | Date acquired | Source of acquisition | Cost, normal purchase price | Serial Enumeration / chronology | Total Checkouts | Total Renewals | Full call number | Barcode | Checked out | Date last seen | Date last borrowed | Cost, replacement price | Koha item type |
|---|---|---|---|---|---|---|---|---|---|---|---|---|---|---|---|---|---|---|---|---|---|
| Dewey Decimal Classification | Baccah | Central Library | Central Library | First floor | 31/07/2016 | Purchase | 182.00 | 26080 | 4 | 20 | 346.4203 KOT | 000033097 | 07/05/2022 | 10/10/2019 | 10/10/2019 | 227.50 | Book - Borrowing | ||||
| Dewey Decimal Classification | Baccah | Central Library | Central Library | First floor | 31/07/2016 | Purchase | 182.00 | 26080 | 9 | 25 | 346.4203 KOT | 000033098 | 15/07/2025 | 19/05/2024 | 227.50 | Book - Borrowing |